Eurovision 2026 Act to National Selection Runner-Up - Statistics

General Stats
  • This quiz has been taken 109 times
  • The average score is 17 of 23
Answer Stats
Hint Answer % Correct
Jonas Lovv - Ya Ya Ya Alexander Rybak - Rise
95%
Linda Lampenius x Pete Parkkonen - Liekinheitin Antti Paalanen - Takatukka
94%
LAVINA - Kraj Mene Zejna - Jugoslavija
89%
Sal Da Vinci - Per sempre sì Sayf - Tu mi piaci tanto
85%
FELICIA - My System Greczula - Half of Me
80%
Søren Torpegaard Lund - Før vi går hjem Ericka Jane - Death of Me
78%
AIDAN - Bella MATT BLXCK - Ejja lejja ħdejja 'l hawn (The Flute)
78%
Sarah Engels - Fire wavyboi - Black glitter
77%
Alis - Nân Inis Neziri - Ta kam fal
75%
Tamara Živković - Nova zora Lara Baltić - Rhythm Boy
72%
LELÉKA - Ridnym Laud - Lightkeeper
72%
Eva Marija - Mother Nature Steve Castile - Sweet Tooth
72%
Atvara - Ēnā Kautkaili - Te un tagad
71%
Akylas - Ferto Good Job Nicky - Dark Side of the Moon
69%
Vanilla Ninja - Too Epic To Be True NOËP - Days like This
69%
ALICJA - Pray Ola Antoniak - Don't You Try
69%
Bandidos do Cante - Rosa Dinis Mota - Jurei
66%
COSMÓ - Tanzschein Lena Schaur - Painted Reality
62%
Lion Ceccah - Sólo quiero más SHWR - Contact
60%
Satoshi - Viva, Moldova! Pavel Orlov - Can't say Goodbye
58%
Alexandra Căpitănescu - Choke Me Hvnds - Dor
55%
LELEK - Andromeda Cold Snap - Mucho Macho
52%
SENHIT - Superstar Kelly Joyce - Oh là là
49%
No matching quizzes found
Score Distribution
Percent of People with Each Score
Percentile by Number Answered
Your Score History
You have not taken this quiz